Synonyms of kpop titles - Statistics

General Stats
  • This quiz has been taken 43 times
  • The average score is 3 of 15
Answer Stats
Hint Answer % Correct
How how how Why why why
53%
后门 Back door
34%
Explosion boom boom boom Dynamite
34%
Baked goods Cookie
28%
Mondays baby has long way ahead Thursdays child has far to go
25%
Lucky-unlucky Blessed-cursed
22%
Flesh-coloured poison Pink venom
22%
拿给 Given-taken
19%
Malaria Maria
19%
Sexy thee Pretty u
13%
Night day Moonlight sunrise
9%
Darling satellite Dear Sputnik
6%
Hannah Montana Hwaa
6%
I’m disgusting I’m not cool
6%
Best dude Perfect man
0%
No matching quizzes found
Score Distribution
Percent of People with Each Score
Percentile by Number Answered
Your Score History
You have not taken this quiz